| 000 | 00559nam a22001817a 4500 | ||
|---|---|---|---|
| 999 |
_c16656 _d16656 |
||
| 003 | AR-CdUCM | ||
| 008 | 190504b ||||| |||| 00| 0 spa d | ||
| 040 |
_aMUNICIPALIDAD PROVINCIAL DEL CUSCO _cBIBLIOTECA MUNICIPAL DEL CUSCO |
||
| 082 |
_a375.4 / _bH36 |
||
| 100 |
_aHeinich, Robert _936229 |
||
| 245 | _aTecnología y administración de la enseñanza / | ||
| 260 |
_aMexico : _bTrillas, _c1975. |
||
| 300 |
_a235 páginas ; _c24 cm. |
||
| 505 | _aPsicología educativa -- título... | ||
| 650 |
_aEducación. _9460 |
||
| 942 |
_2ddc _cLIBROS |
||
| 945 | _awfj | ||